Detalles MARC
| 000 -LEADER |
| fixed length control field |
02316nam a2200445Ii 4500 |
| 001 - CONTROL NUMBER |
| control field |
DIGSCR0031 |
| 003 - CONTROL NUMBER IDENTIFIER |
| control field |
NyNyDIG |
| 006 - FIXED-LENGTH DATA ELEMENTS--ADDITIONAL MATERIAL CHARACTERISTICS |
| fixed length control field |
m o d |
| 007 - PHYSICAL DESCRIPTION FIXED FIELD--GENERAL INFORMATION |
| fixed length control field |
cr ||||||||||| |
| 008 - FIXED-LENGTH DATA ELEMENTS--GENERAL INFORMATION |
| fixed length control field |
100625s1988 mdu ob 000 0 eng d |
| 020 ## - INTERNATIONAL STANDARD BOOK NUMBER |
| Canceled/invalid ISBN |
0916379493 |
| 020 ## - INTERNATIONAL STANDARD BOOK NUMBER |
| Canceled/invalid ISBN |
9780916379490 |
| 035 ## - SYSTEM CONTROL NUMBER |
| System control number |
(OCoLC)577232297 |
| 040 ## - CATALOGING SOURCE |
| Original cataloging agency |
DGITA |
| Language of cataloging |
eng |
| Description conventions |
pn |
| Transcribing agency |
DGITA |
| 041 0# - LANGUAGE CODE |
| Language code of text/sound track or separate title |
eng |
| -- |
spa |
| 043 ## - GEOGRAPHIC AREA CODE |
| Geographic area code |
e-sp--- |
| 050 14 - LIBRARY OF CONGRESS CALL NUMBER |
| Classification number |
PQ6144 eBook |
| 245 00 - TITLE STATEMENT |
| Title |
Feminine concerns in contemporary Spanish fiction by women / |
| Statement of responsibility, etc. |
edited by Roberto C. Manteiga, Carolyn Galerstein, and Kathleen McNerney. |
| 264 #1 - PRODUCTION, PUBLICATION, DISTRIBUTION, MANUFACTURE, AND COPYRIGHT NOTICE |
| Place of production, publication, distribution, manufacture |
Potomac, Md., U.S.A. : |
| Name of producer, publisher, distributor, manufacturer |
Scripta Humanistica, |
| Date of production, publication, distribution, manufacture, or copyright notice |
1988. |
| 300 ## - PHYSICAL DESCRIPTION |
| Extent |
1 online resource (186 pages) |
| 336 ## - CONTENT TYPE |
| Content type term |
text |
| Content type code |
txt |
| Source |
rdacontent |
| 337 ## - MEDIA TYPE |
| Media type term |
computer |
| Media type code |
c |
| Source |
rdamedia |
| 338 ## - CARRIER TYPE |
| Carrier type term |
online resource |
| Carrier type code |
cr |
| Source |
rdacarrier |
| 490 1# - SERIES STATEMENT |
| Series statement |
Scripta humanistica ; |
| Volume/sequential designation |
44. |
| 504 ## - BIBLIOGRAPHY, ETC. NOTE |
| Bibliography, etc. note |
Bibliography: p. 169-183. |
| 505 0# - FORMATTED CONTENTS NOTE |
| Formatted contents note |
Rewriting myth and history / Elizabeth Ordoñez -- Historical novel from a feminine perspective--Urraca / Birute Ciplijauskaite -- Personal and public history in Laforet's long novels / Roberta Johnson -- Portraits of the femme seule by Laforet, Matute, Soriano, Martín Gaite, Galavarriato, Quiroga, and Medio / Janet Perez -- Self-discovery in Quiroga's Presente profundo / Carolyn Galerstein -- The challenge of Martín Gaite's woman hero / Joan Lipman Brown -- The feminist message / Eunice Myers -- The dilemma of the modern woman / Roberto Manteiga -- A feminist literary renaissance in Catalonia / Kathleen McNerney -- The renewal of the quest in Esther Tusquet's El mismo mar de todos los veranos / Lucy Lee-Bonnano -- Montserrat Roig / Catherine Bellver. |
| 650 #0 - SUBJECT ADDED ENTRY--TOPICAL TERM |
| Topical term or geographic name entry element |
Spanish fiction |
| Chronological subdivision |
20th century |
| General subdivision |
History and criticism. |
| 650 #0 - SUBJECT ADDED ENTRY--TOPICAL TERM |
| Topical term or geographic name entry element |
Women in literature |
| 650 #0 - SUBJECT ADDED ENTRY--TOPICAL TERM |
| Topical term or geographic name entry element |
Spanish fiction |
| General subdivision |
Women authors |
| -- |
History and criticism. |
| 655 #0 - INDEX TERM--GENRE/FORM |
| Genre/form data or focus term |
Electronic books. |
| 700 1# - ADDED ENTRY--PERSONAL NAME |
| Personal name |
Manteiga, Robert C. |
| 700 1# - ADDED ENTRY--PERSONAL NAME |
| Personal name |
Galerstein, Carolyn L., |
| Dates associated with a name |
1931- |
| 700 1# - ADDED ENTRY--PERSONAL NAME |
| Personal name |
McNerney, Kathleen. |
| 791 2# - |
| -- |
Digitalia (Firm), |
| -- |
distributor. |
| 793 0# - |
| -- |
Digitalia eBook Collection: |
| -- |
Scripta Humanistica. |
| 830 #0 - SERIES ADDED ENTRY--UNIFORM TITLE |
| Uniform title |
Scripta Humanistica (Series) ; |
| Volume/sequential designation |
44. |
| 856 40 - ELECTRONIC LOCATION AND ACCESS |
| Materials specified |
Digitalia Hispánica |
| Uniform Resource Identifier |
<a href="https://www.digitaliapublishing.com/a/201/">https://www.digitaliapublishing.com/a/201/</a> |
| 910 ## - USER-OPTION DATA (OCLC) |
| User-option data |
Premium Collection: 2007-2012 |
| 942 ## - ADDED ENTRY ELEMENTS (KOHA) |
| Koha item type |
Recurso Electrónico |